000
00295nam a22001337a 4500
008
260324b ||||| |||| 00| 0 eng d
020
_a
9789951053495
041
_a
eng
080
_a
821.18
100
_a
25
101
_a
ngjarje
245
_a
Shkolla e Pyllit
_c
Bedri Dedja
942
_2
udc
_c
BK
999
_c
60921
_d
60921